ბათუმის შოთა რუსთაველის სახელმწიფო უნივერსიტეტის ბიბლიოთეკა

ლეზგიური ზმნის ძირითადი მორფოლოგიური კატეგორიები : (ბიბ.ჩანაწერი № 53246)

000 -ლიდერი
ფიქსირებული სიგრძის საკონტროლო ველი 01772nam a2200301Ia 4500
001 - საკონტროლო ნომერი
საკონტროლო ველი 20287
003 - საკონტროლო ნომრის იდენტიფიკატორი
საკონტროლო ველი GE_BSU
005 - ბოლო ოპერაციის თარიღი და დრო
საკონტროლო ველი 20200821213406.0
008 - ფიქსირებული სიგრძის მონაცემთა ელემენტები - ზოგადი ინფორმაცია
ფიქსირებული სიგრძის საკონტროლო ველი 181216s1959||||ge |||||||||||||| ||geo||
040 ## - კატალოგიზაციის წყარო
Transcribing agency GE_BSU
041 ## - ენის კოდი
Language code of text/sound track or separate title geo
080 ## - უნივერსალური ათობითი კლასიფიკაციის ინდექსი
Universal Decimal Classification number 811.351.32'367.625 თ-77
100 ## - მთავარი ჩანაწერი - პიროვნების სახელი
Personal name თოფურია, გ.
9 (RLIN) 9272
245 ## - ცნობა სათაურის შესახებ
Title ლეზგიური ზმნის ძირითადი მორფოლოგიური კატეგორიები :
Remainder of title კიურიული და ახტის დიალექტების მონაცემთა მიხედვით /
Statement of responsibility, etc გ. თოფურია ; საქ. სსრ მეცნ. აკად. ; ენათმეცნ. ინ-ტი.
264 ## - წარმოების, გამოცემის, დისტრიბუციის და სხვა ცნობები
გამოცემის, წარმოების, დისტრიბუციის... ადგილი თბილისი :
გამოცემის, წარმოების, დისტრიბუციის... სახელწოდება საქ. სსრ მეცნ. აკად. გამ-ბა და სტ.,
გამოცემის, წარმოების, დისტრიბუციის... თარიღი 1959.
300 ## - ფიზიკური აღწერა
Extent 136 გვ. ;
Dimensions 21სმ.
500 ## - ზოგადი შენიშვნა
General note გაშლილი თავფურცელი რუსულ ენაზე
504 ## - BIBLIOGRAPHY, ETC. NOTE
Bibliography, etc ბიბლიოგრაფია : გვ. 134-135
520 ## - SUMMARY, ETC.
Summary, etc გაშლილი თავფურც. რუს. ენ.
653 ## - INDEX TERM--UNCONTROLLED
Uncontrolled term ზმნა ლეზგიურ ენაში
653 ## - INDEX TERM--UNCONTROLLED
Uncontrolled term ლეზგიური ენის დიალექტები
653 ## - INDEX TERM--UNCONTROLLED
Uncontrolled term ლეზგიური ზმნის ძირითადი მორფოლოგიური კატეგორიები
653 ## - INDEX TERM--UNCONTROLLED
Uncontrolled term ქართული ენა
710 ## - ADDED ENTRY--CORPORATE NAME
Corporate name or jurisdiction name as entry element საქართველოს სსრ მეცნიერებათა აკადემია
9 (RLIN) 9273
710 ## - ADDED ENTRY--CORPORATE NAME
Corporate name or jurisdiction name as entry element ენათმეცნიერების ინსტიტუტი
9 (RLIN) 9274
942 ## - ADDED ENTRY ELEMENTS (KOHA)
Koha item type წიგნი
Source of classification or shelving scheme
ეგზემპლარები
ჩამოწერის სტატუსი დაკარგული ეგზემპლარის სტატუსი კლასიფიკაციის წყარო ან თაროზე გაწყობის სქემა დაზიანების სტატუსი არ გაიცემა მუდმივი მდებარეობა (დაცვის ადგილი) ამჟამინდელი ადგილსამყოფელი თაროზე განთავსების ადგილი შეძენის თარიღი ღირებულება, შესყიდვის ნორმალური ფასი სრული შენახვის შიფრი შტრიხკოდი ბოლო ოპერაციის თარიღი ეგზემპლარის მიმდევრობითი ნომერი (კეტერი?) ფასის ძალაში შესვლის თარიღი ეგზემპლარის სახეობა საჯარო შენიშვნა
          ბათუმის შოთა რუსთაველის სახელმწიფო უნივერსიტეტის მთავარი ბიბლიოთეკა ბათუმის შოთა რუსთაველის სახელმწიფო უნივერსიტეტის მთავარი ბიბლიოთეკა წიგნსაცავი 2018-12-17 1.00 811.351.32'367.625 თ-77 52980 2018-12-17 52980 2018-12-17 წიგნი 1.00 ლ